Personnage de One Piece de A à Z - Statistiques

Statistiques générales
  • Ce quiz a été pris 106 fois
  • Le résultat moyen est 16 sur 26
Statistiques - réponses
Lettre Indice Personnage % Correct
B Second de Shanks le Roux Ben Beckman
92%
G Roi des Pirates Gol D Roger
88%
M Personnage Principal Monkey D Luffy
85%
D Ancien membre des Sept Grands Corsaires Doflamingo
81%
O Géant sur Thriller Bark Oars
81%
E Empereur et Homme le plus fort du Monde Edward Newgate
79%
J Premier Pirate de l’Histoire Joy Boy
78%
L Prince d’Elbaph Loki
78%
R Capitaine des Rocks Rocks D Xebec
76%
I Roi du Monde Imu
75%
S Amiral en chef actuel Sakazuki
71%
U Génération terrible Urouge
69%
Y Sniper Yasopp
69%
Q Une des trois calamités Queen
68%
T Charpentier Tom
68%
A Amiral possédant le Fruit de la forêt Aramaki
64%
V Tué a Punk Hazard Vergo
63%
Z Île de Zo Zunesha
61%
W Royaume maléfique de Black Drum Wapol
60%
X Tobiroppo X Drake
58%
P Étoile de Mer Pappag
44%
N Fourreaux Rouge Nekomamushi
40%
K Commandant de l’armée Révolutionnaire Karasu
38%
F Épée-éléphant de Spandam Funkfreed
28%
H Grands Corsaires vaincu par Ace Hanafuda
19%
C Pingouin de Kuzan Camel
15%
Aucun quiz correspondant
Distribution des résultats
% des personnes avec chaque résultat
Percentile par nombre de réponses
Votre historique - résultats
Vous n’avez pas pris ce quiz